00545 2200193 4500001002100000005001500021035002000036245010300056100001900159300002600178260003200204082001000236084001600246020002200262600001600284990001700300990001700317990001700334INLIS00000000000151520260702072424 a0010-07260000041 aObat Minder Rahasia Menjadi Pribadi Percaya Diri, Berani Tampil Beda dan Dikagumi /cAlam Bachtiar0 aBachtiar, Alam a208 hlm ;c14 X 21 cm aYogyakarta :bAraska,c2023 a158.1 a158.1 BAC o a978-623-7900-46-6 4aObat Minder a4924/PP/2026 a4925/PP/2026 a4926/PP/2026